| 000 | 02538nam a2200385 i 4500 | ||
|---|---|---|---|
| 001 | 768714001 | ||
| 003 | CO-MdFUSB | ||
| 005 | 20231116162309.0 | ||
| 007 | ta | ||
| 008 | 230908t2018 ck d|||g |||| 00| 0 spa d | ||
| 020 |
_a97895888675 _q57 Vol.1 |
||
| 020 |
_a9789588867663 _qVol.2 |
||
| 020 |
_a9789585163041 _qVol.3 |
||
| 020 |
_a9789585163133 _qVol.4 |
||
| 040 |
_aCO-MdFUSB _bspa _cCO-MdFUSB _dCO-MdFUSBC _erda |
||
| 041 | _aspa | ||
| 082 |
_223 _a220 _bP235a |
||
| 100 |
_aPark, Abraham _eautor |
||
| 245 | 3 |
_aLa administración de Dios en la historia de la redención _c/ Abraham Park |
|
| 264 | 1 |
_aBogotá, D:C:, Colombia : _bCentros de Literatura Cristiana, _c[2018] |
|
| 264 | 4 | _c©2018 | |
| 300 |
_a4 volumenes _c; 23 cm |
||
| 336 |
_2rdacontent _atexto _btxt |
||
| 337 |
_2rdamedia _asin mediación _bn |
||
| 338 |
_2rdacarrier _avolumen _bnc |
||
| 490 | _aSerie Historia de la Redención | ||
| 505 |
_tVolumen 1: Las genealogías del Génesis: _aConsidera los años de todas las generaciones. -- Administración soberana de Dios en la redención y las genealogías del Génesis. -- La genealogía conforme al linaje de Caín. -- La genealogía según el linaje de Set. -- Una nueva obra de salvación. |
||
| 505 |
_tVolumen 2: El pacto de la antorcha: un encuentro olvidado en la historia del Éxodo y la travesía por el desierto: _aEl pacto de la antorcha y al administración de Dios en la historia de la redención. -- El pacto de la antorcha y las cuatro generaciones. -- La historia de los patriarcas. -- La historia del Éxodo hasta la conquista de Canaán. -- El cumplimiento del pacto. |
||
| 505 |
_tVolumen 3: La lámpara inextinguible del pacto: las primeras catorce generaciones en la genealogía de Jesucristo. _aDios es mayor que todos. -- La administración de Dios e la historia de la redención y la genealogía de Jesucristo.-- La genealogía de Jesucristo: la historia del primer periodo. -- La historia de los jueces. -- Desde Saúl hasta David |
||
| 505 |
_tVolumen 4: La providencia de Dios: misteriosa y profunda: Tal como se revela en la genealogía de Jesucristo desde el tiempo de David hasta el exilio de Babilonia: _aEl pacto eterno y la providencia de Dios. -- La genealogía de Jesucristo: la historia del segundo periodo. -- La genealogía de Jesucristo: individuos del segundo periodo. -- La historia de los reyes que se omitieron del segundo periodo de la genealogía de Jesucristo. |
||
| 563 | _aTapa dura | ||
| 630 | 0 | 7 |
_aBiblia. _pGénesis |
| 942 | _cBK | ||
| 945 | _aAF | ||
| 999 |
_c68998 _d68998 |
||